000 00938nam a2200265Ia 4500
003 OSt
005 20221005112028.0
006 a|||||r|||| 00| 0
007 ta
008 221004b |||||||| |||| 00| 0 hin d
024 _a31529
037 _cTextual
040 _aCRL
_cCRL
_bhin
041 _2hin
_ahin
082 _aP15:795, M0
100 _aद्विवेदी, कपिलदेव आचार्य
245 0 _aरचनानुवादकौमुदी
246 _aRachanānuvādakaumudī
250 _aचतुर्थ संस्करण
260 _aवाराणसी
_bविश्वविद्यालय प्रकाशन भारत
_c1980
300 _a272पृ.
_ccm.
650 _aभाषाशास्त्र
942 _hP15:795, M0
_cTEXL
_2cc
999 _c1023611
_d1023611